Kontrola vývozu v Německu. Důležité zásady a omezení ve vztahu k zemím střední a východní Evropy.
Prehľad zákonných opatrení, ktorými SRN vo výnimočných prípadoch obmedzuje hospodárske styky so zahraničím, ktoré sú inak takmer úplne liberalizované. Motívy obmedzení, platné obmedzenia a spôsob kontroly ich dodržiavania.
Na minha lista:
| Autor principal: | |
|---|---|
| Formato: | Capítulo de Livro |
| Idioma: | tcheco |
| Assuntos: | |
| Tags: |
Sem tags, seja o primeiro a adicionar uma tag!
|
MARC
| LEADER | 00000naa a2200000 4500 | ||
|---|---|---|---|
| 001 | r006642 | ||
| 005 | 20221125081158.1 | ||
| 041 | 0 | |a cze | |
| 044 | |a [CS] | ||
| 245 | 1 | 0 | |a Kontrola vývozu v Německu. |b Důležité zásady a omezení ve vztahu k zemím střední a východní Evropy. |c J. Staufer |
| 520 | |a Prehľad zákonných opatrení, ktorými SRN vo výnimočných prípadoch obmedzuje hospodárske styky so zahraničím, ktoré sú inak takmer úplne liberalizované. Motívy obmedzení, platné obmedzenia a spôsob kontroly ich dodržiavania. | ||
| 610 | 2 | 0 | |a vývoz |
| 610 | 2 | 0 | |a Nemecko |
| 610 | 2 | 0 | |a východná Európa |
| 610 | 2 | 0 | |a vzťahy hospodárske vonkajšie |
| 610 | 2 | 0 | |a obmedzenie vývozu |
| 100 | 1 | |a Staufer, J. | |